[Event "Barcelona Sant Marti op 04th"]
[Site "Barcelona"]
[Date "2002.04.20"]
[Round "3.52"]
[White "Marin Benito, Carla"]
[Black "Sanz Serrano, Blanca"]
[Result "1/2-1/2"]
[WhiteElo "1700"]
[BlackElo "1725"]
[PlyCount "99"]
[EventDate "2002.04.06"]
[EventType "swiss"]
[EventRounds "9"]
[EventCountry "ESP"]
[SourceTitle "EXT 2003"]
[Source "ChessBase"]
[SourceDate "2002.11.25"]
[SourceVersion "1"]
[SourceVersionDate "2002.11.25"]
[SourceQuality "1"]

1. e4 e5 2. Nf3 Nc6 3. Bc4 Bc5 4. d3 h6 5. Nc3 d6 6. h3 Nf6 7. Na4 Bb6 8. Be3 Qe7 9. Qe2 Bd7 10. Nxb6 axb6 11. c3 Na5 12. Nd2 0-0 13. b4 Nxc4 14. Nxc4 Be6 15. b5 Qd7 16. Rb1 Bxc4 17. dxc4 Nxe4 18. Rc1 Nf6 19. Rc2 Rfe8 20. 0-0 Qf5 21. f3 Qe6 22. Qd3 Kh8 23. Re1 Nh5 24. Qe4 Nf6 25. Qxb7 Qxc4 26. Ra1 Reb8 27. Qc6 Qxc6 28. bxc6 Nd5 29. Bf2 Ne7 30. Re2 Nxc6 31. Bg3 Re8 32. f4 exf4 33. Rxe8+ Rxe8 34. Bxf4 Kg8 35. Kf2 Na7 36. a4 d5 37. Bxc7 b5 38. Bb6 Nc8 39. Bc5 bxa4 40. Rxa4 Kh7 41. Be3 Kg6 42. Ke2 Kf6 43. Kd3 Ne7 44. Bc5 g6 45. Rd4 Ke5 46. c4 dxc4+ 47. Kxc4 Nf5 48. Rd3 Kf6 49. Rf3 Kg7 50. Rf4 1/2-1/2